000 00279nam a22001337a 4500
008 170823b xxu||||| |||| 00| 0 eng d
020 _a9790030358271
041 _aeng
080 _a51
100 _a38
101 _aMAT
245 _aALGEBRA 1
_cBURGER.E.B
942 _2udc
_cBK
999 _c24686
_d24686